Größte Streaming-Anbieter Deutschland - Statistiken

Allgemein
  • Dieses Quiz wurde 490 mal gespielt
  • Das Durchschnittsergebnis liegt bei 4 aus 7
Antwortstatistiken
Marktanteil Streaming-Anbieter % Korrekt
32% Netflix
99%
31% Amazon Prime Video
96%
18% Disney+
89%
7% sky
67%
1% Joyn
47%
4% Apple TV+
21%
1% TV Now
10%
Keine übereinstimmenden Quizze gefunden
Verteilung der Resultate
Anzahl Personen mit jedem Resultat
Perzentil nach korrekt beantworteten Fragen
Ihre Resultats-Entwicklung
Sie haben dieses Quiz noch nicht gespielt